Welcome to the Holygrace Academy Library

Please use search bar below to get started

MEDICAL TECHNOLOGY (Record no. 1444)

MARC details
000 -LEADER
fixed length control field 00375nam a22001457a 4500
020 ## - INTERNATIONAL STANDARD BOOK NUMBER
ISBN 81-7371-179-8
082 ## - DEWEY DECIMAL CLASSIFICATION NUMBER
Classification number 610
Item number YOU/M
100 ## - MAIN ENTRY--AUTHOR NAME
Personal name YOUNT, LISA
245 ## - TITLE STATEMENT
Title MEDICAL TECHNOLOGY
Remainder of title MILESTONES IN DISCOVERY AND INVENTIONS
250 ## - EDITION STATEMENT
Edition statement FIRST EDITION
260 ## - PUBLICATION, DISTRIBUTION, ETC. (IMPRINT)
Place of publication HYDERABAD
Name of publisher UNIVERSITIES PRESS
Year of publication 1999
300 ## - PHYSICAL DESCRIPTION
Number of Pages 146
650 ## - SUBJECT ADDED ENTRY--TOPICAL TERM
Topical Term SCIENCE REFERENCE
Geographic subdivision INDIA
942 ## - ADDED ENTRY ELEMENTS (KOHA)
Koha item type Books
Holdings
Withdrawn status Lost status Collection code Home library Current library Shelving location Date acquired Source of acquisition Cost, normal purchase price Full call number Accession Number Koha item type
    Reference Main Library Main Library SHELF-5 E REFERENCE BIOLOGY 10/10/2006 purchase 175.00 610 YOU/M 02795 Books